| 000 | 00441cam a2200193u 4500 | ||
|---|---|---|---|
| 001 | 8607701 | ||
| 005 | 20171215052549.0 | ||
| 008 | 821124s1938 xx 000 0beng | ||
| 010 | _aunk82051817 | ||
| 040 |
_aDLC _cCarP _dDLC |
||
| 041 | _aeng | ||
| 080 | _a82 THO | ||
| 082 | _a82 THO | ||
| 100 | 1 | _a21 | |
| 101 | _aGJU | ||
| 245 | 1 | 0 | _aJoseph in Egypt ... |
| 906 |
_a0 _bcbc _cpremunv _du _encip _f19 _gy-gencatlg |
||
| 942 |
_2ddc _cBK |
||
| 999 |
_c39001 _d39001 |
||